15 największych stolic w Europie (populacja) - Statystyki

Ogólne statystyki
  • Ten quiz został rozwiązany 480 razy
  • Średni wynik to 13 z 15
Statystyki odpowiedzi
Liczba ludnosci Miasto % Poprawnych
1 777 972 Warszawa
100%
12 200 000 Moskwa
99%
2 243 833 Paryż
98%
3 748 148 Berlin
97%
3 215 633 Madryt
97%
8 787 892 Londyn
95%
2 933 537 Kijów
94%
2 869 461 Rzym
93%
1 280 508 Praga
90%
1 752 704 Budapeszt
86%
1 840 573 Wiedeń
85%
1 877 155 Bukareszt
82%
2 821 876 Lizbona
82%
1 974 819 Mińsk
81%
1 290 502 Sofia
65%
Nie znaleziono quizów pasujących do podanych kryteriów
Rozkład punktacji
Procent ludzi z każdym wynikiem
Percentyl według liczby udzielonych odpowiedzi
Twoja historia wyników
Nie rozwiązałeś tego quizu